Statistics for Capitals of Asian countries with 2+ words in their name

Click here to take the quiz!

General Stats

  • This quiz has been taken 35 times
  • The average score is 5 of 7

Answer Stats

Answer% Correct
Kuala Lumpur
86%
New Delhi
86%
Kuwait City
69%
Abu Dhabi
62%
Phnom Penh
62%
Bandar Seri Begawan
48%
Sri Jayawardenepura Kotte
48%

Score Distribution

Percentile by Number Answered

Percent of People with Each Score

Your Score History

You have not taken this quiz